Từ điển địa danh Bắc Bộ
Nội dung quyển một giới thiệu về công việc biên soạn từ điển địa danh địa phương, bảng tóm tắt tác giả, tác phẩm từ điển địa danh Bắc Bộ được sắp theo thức tự bảng chữ cái từ A đến L....
保存先:
| フォーマット: | 図書 |
|---|---|
| 言語: | Undetermined |
| 出版事項: |
Hà Nội
Hội nhà văn
2016
|
| 主題: | |
| タグ: |
タグ追加
タグなし, このレコードへの初めてのタグを付けませんか!
|
| Thư viện lưu trữ: | Trung tâm Học liệu Trường Đại học Cần Thơ |
|---|
| LEADER | 00890nam a2200193Ia 4500 | ||
|---|---|---|---|
| 001 | CTU_226788 | ||
| 008 | 210402s9999 xx 000 0 und d | ||
| 082 | |a 915.97003 | ||
| 082 | |b T550/Q.1 | ||
| 245 | 0 | |a Từ điển địa danh Bắc Bộ | |
| 245 | 0 | |c Lê Trung Hoa (sưu tầm, giới thiệu) | |
| 260 | |a Hà Nội | ||
| 260 | |b Hội nhà văn | ||
| 260 | |c 2016 | ||
| 520 | |a Nội dung quyển một giới thiệu về công việc biên soạn từ điển địa danh địa phương, bảng tóm tắt tác giả, tác phẩm từ điển địa danh Bắc Bộ được sắp theo thức tự bảng chữ cái từ A đến L. | ||
| 650 | |a Từ điển địa danh,Gazettes | ||
| 650 | |z Việt Nam,Vietnam | ||
| 910 | |b dqhieu | ||
| 980 | |a Trung tâm Học liệu Trường Đại học Cần Thơ | ||